000 00559nam a2200181 i 4500
001 81661
003 ES-MaACL
005 20230906174501.0
007 t|
008 041105q1949 sp ||||1| spa d
100 1 _aHuxley, Aldous,
_d1894-1963
_964858
245 1 0 _aCiego en Gaza /
_cAldeus Huxley ; [versión castellana, Fernando Calleja].
260 _aMadrid :
_bLa Nave,
_c[1949?]
300 _a427 p., 1 lám. :
_bretr. aut. ;
_c22 cm.
700 1 _aCalleja, Fernando.
_933715
852 _aES-MaACL
_jF-5205
_bR.26903
999 _c81661
_d81661